00832nam a22001697a 4500003000900000008004100009040007100050082001700121100003400138245013400172260006700306300002800373505018700401650003100588650001600619650002700635AR-CdUCM190305b ||||| |||| 00| 0 spa d aMUNICIPALIDAD PROVINCIAL DEL CUSCOcBIBLIOTECA MUNICIPAL DEL CUSCO a409.2 /bZ78 aZevallos Aguilar, Juan Ulises aIndigenismo y nación :bLos retos a la representacion de la subalternidad aymara y quechua en el Boletin Tikikaka (1926 - 1930) aLima :bInstittuto Francés de Estudios Andinos (IEFA)c2002. a144 páginas ;c24 cm. aContenido: Contextos Historicos -- La Autorepresentacion de los Intelectuales -- La Representacion del Indigena -- La Representacion Indigena -- Los Problemas de la Representacion... aLa Representacion Indigena aIndigenismo aLa nacíon y el indio